000
00263 a2200109 4500
000
nam a22 7a 4500
005
20260207154149.0
100
_a
Rakesh Shastri
_9
1114385
245
_a
Dhanurvedsamhita
260
_b
Chaukhamba Orantaliya
_c
2025
942
_c
TEXL
999
_c
1678929
_d
1678929